Ganadores del mundial - Estadísticas

Estadísticas generales
  • Esta prueba ha sido intentada 248 veces
  • La puntuación promedio es 22 de 22
Estadísticas de respuestas
Año Sede Campeón % Correcto
2014 Brasil Alemania
100%
1990 Italia Alemania Occidental
100%
1974 Alemania Occidental Alemania Occidental
100%
1954 Suiza Alemania Occidental
100%
2022 Catar Argentina
100%
1986 México Argentina
100%
1978 Argentina Argentina
100%
2002 Japón y Corea del Sur Brasil
100%
1994 EE.UU. Brasil
100%
1970 México Brasil
100%
1962 Chile Brasil
100%
1958 Suecia Brasil
100%
2006 Alemania Italia
100%
1982 España Italia
100%
1938 Francia Italia
100%
1934 Italia Italia
100%
2010 Sudáfrica España
99%
2018 Rusia Francia
99%
1998 Francia Francia
99%
1950 Brasil Uruguay
99%
1930 Uruguay Uruguay
99%
1966 Inglaterra Inglaterra
97%
No se encontraron pruebas coincidentes
Distribución de puntuación
Porcentaje de gente con cada puntuación
Porcentaje por número respondido
Historial de tus puntuaciones
No has intentado esta prueba.